<The> Reasons for creation of agricultural sales organizations

Transformáciou poľnohospodárskych objektov vznikli nové vlastnícke vzťahy v rezorte poľnohospodárstva a potravinárstva. Poľnohospodári začali zakladať obchodné organizácie špecializované, príp. univerzálne na predaj poľnohospodárskych produktov. Právna forma týchto organizácií je družstvo, alebo akc...

Descripción completa

Guardado en:
Detalles Bibliográficos
Autor principal: Tvrdoň, Oldřich
Otros Autores: Krčová, Kateřina
Formato: Capítulo de libro
Lenguaje:inglés
Materias:
Etiquetas: Agregar Etiqueta
Sin Etiquetas, Sea el primero en etiquetar este registro!

MARC

LEADER 00000naa a2200000 4500
001 r045986
005 20231004091511.6
041 0 |a eng 
044 |a CZ 
245 1 0 |a <The> Reasons for creation of agricultural sales organizations  |c Oldřich Tvrdoň, Kateřina Krčová 
520 |a Transformáciou poľnohospodárskych objektov vznikli nové vlastnícke vzťahy v rezorte poľnohospodárstva a potravinárstva. Poľnohospodári začali zakladať obchodné organizácie špecializované, príp. univerzálne na predaj poľnohospodárskych produktov. Právna forma týchto organizácií je družstvo, alebo akciová spoločnosť. Článok analyzuje opodstatnenosť vzniku týchto organizácií nielen na strane poľnohospodárskej produkcie ale i na strane nákupov vstupov potrebných pre poľnohospodársky výrobný proces. Jednou z týchto organizácií je Agropork-družstvo so sídlom v Brne špecializované na nákup a predaj ošípaných, hovädzieho dobytka a hydiny. 
610 2 0 |a poľnohospodárstvo 
610 2 0 |a transformácia 
610 2 0 |a družstvá poľnohospodárske 
610 2 0 |a výroba poľnohospodárska 
610 2 0 |a výrobky poľnohospodárske 
610 2 0 |a odbyt 
610 2 0 |a predaj 
610 2 0 |a potravinárstvo 
610 2 0 |a organizácie 
610 2 0 |a spoločnosti akciové 
610 2 0 |a Česko 
100 1 |a Tvrdoň, Oldřich 
700 1 |a Krčová, Kateřina